000 02095nam0a2200385 4500
001 RU\NLR\bibl\1795341
005 20260408084214.0
010 _a978-5-7307-0744-3
_9300
021 _aRU
_b2011-40325
_92866
035 _a(nilc)RSL-KNO-004950784
035 _a(NLR Aleph) 001786028
090 _a1727654
_c1727654
100 _a20110531d2010 |||y0rusy50 ca
101 0 _arus
102 _aRU
105 _ay zzzz|||||
200 1 _aРегиональная экономика
_eконспект лекций
_f[д. э. н. В. И. Гришин, к. э. н. Л. С. Архипова, к. геогр. н. Е. В. Бельчук и др.]
_gМ-во образования и науки Российской Федерации, Гос. образовательное учреждение высш. проф. образования "Российский экономический ун-т им. Г. В. Плеханова" (ГОУ ВПО "РЭУ им. Г. В. Плеханова")
210 _aМосква
_cРЭУ
_d2010
215 _a375 с.
_cил., табл.
_d21
300 _aАвт. указаны на обороте тит.л.
320 _aБиблиогр. в конце гл. и в подстроч. примеч.
606 1 _aРегиональная экономика
_jУчебные издания для высших учебных заведений
_yРоссийская Федерация
_92073469
_3RU\NLR\auth\661248372
686 _aУ049(2)8я73-2
_2rubbk
686 _aУ04(2)9я73
701 1 _aГришин
_bВ. И.
_gВиктор Иванович
_4070
701 1 _aАрхипова
_bЛ. С.
_gЛидия Сергеевна
_4070
701 1 _aБельчук
_bЕ. В.
_gЕлена Владимировна
_4070
712 0 2 _4570
_aРоссийский экономический университет им. Г. В. Плеханова
_3RU\NLR\AUTH\8810184025
_9864792
801 0 _aRU
_bRuMoRKP
_c20110531
_grcr
801 1 _aRU
_bRuMoRGB
_c20110531
801 2 _aRU
_bNLR
_c20110804
_grcr
942 _cBOOK
980 _aNB